Le Mans Winners - Statistics

General Stats
  • This quiz has been taken 305 times
    247 since last reset
  • The average score is 53 of 185
Answer Stats
Hint Winner Constructor Model of Constructor % Correct
Ferrari
95%
Porsche
85%
Audi
83%
Ford
82%
Toyota
82%
1966 Chris Amon | Bruce McLaren - -
79%
McLaren
77%
2019 Fernando Alonso | Sebastian Buemi | Kazuki Nakajima - -
75%
2018 Fernando Alonso | Sebastien Buemi | Kazuki Nakajima - -
75%
Peugeot
74%
BMW
71%
Bentley
68%
Mercedes-Benz
68%
Renault Alpine
61%
2020 Sebastian Buemi | Brendon Hartley | Kazuki Nakajima - -
59%
2022 Sebastien Buemi | Brendon Hartley | Ryo Hirakawa - -
59%
Jaguar
57%
Alfa Romeo
56%
Mazda
56%
2000 | 2001 | 2002 Frank Biela | Tom Kristensen | Emanuele Pirro - -
55%
2005 Jyrki Jarvilehto | Tom Kristensen | Marco Werner - -
55%
2013 Loic Duval | Tom Kristensen | Allan McNish - -
55%
Bugatti
54%
1975 | 1981 | 1982 Derek Bell | Jacky Ickx - -
54%
1972 Graham Hill | Henri Pescarolo - -
54%
1977 Jurgen Barth | Hurley Haywood | Jacky Ickx - -
54%
2003 Rinaldo Capello | Tom Kristensen | Guy Smith - -
54%
Aston Martin
53%
1969 Jacky Ickx | Jackie Oliver - -
53%
2023 James Calado | Antonio Giovinazzi | Alessandro Pier Guidi - -
53%
2004 Seiji Ara | Rinaldo Capello | Tom Kristensen - -
53%
2015 Earl Bamber | Nico Hulkenberg | Nick Tandy - -
52%
1976 Jacky Ickx | Gijs van Lannep - -
52%
Matra-Simca
52%
1997 Michele Alboreto | Stefan Johansson | Tom Kristensen - -
52%
2017 Earl Bamber | Timo Bernhard | Brendon Hartley - -
50%
2021 Mike Conway | Kamui Kobayashi | Jose Maria Lopez - -
47%
Sauber
46%
1961 | 1962 Olivier Gendebien | Phil Hill - -
44%
1958 Ovilier Gendebien | Phil Hill - -
44%
499P
42%
R18 e-tron quattro
42%
R18 TDI
42%
919 Hybrid
41%
R8
41%
2006 | 2007 Frank Biela | Emanuel Pirro | Marco Werner - -
39%
1973 | 1974 Gerard Larrousse | Henri Pescarolo - -
38%
1984 Klaus Ludwig | Henri Pescarolo - -
38%
1986 | 1987 Derek Bell | Al Holbert | Hans-Joachim Stuck - -
37%
908 HDi FAP
36%
2010 Timo Bernhard | Romain Dumas | Mika Rockenfeller - -
36%
787B
34%
1998 Laurent Aiello | Allan McNish | Stephan Ortelli - -
34%
1990 Martin Brundle | Price Cobb | John Nielsen - -
34%
2016 Romain Dumas | Neel Jani | Marc Lieb - -
34%
1995 Yannick Dalmas | Jyrki Jarvilehto | Masanori Sekiya - -
33%
2009 David Brabham | Marc Gene | Alexander Wurz - -
32%
1994 Mauro Baldi | Yannick Dalmas | Hurley Haywood - -
32%
2008 Rinaldo Capello | Tom Kristenson | Allan McNish - -
32%
1959 Roy Salvadori | Carroll Shelby - -
32%
TS050 Hybrid
32%
911 GT1-98
31%
962
30%
R15 TDI Plus
30%
GR010 Hybrid
29%
1999 Yannick Dalmas | Pierluigi Martini | Joachim Winkelhock - -
29%
1996 Davy Jones | Manuel Reuter | Alexander Wurz - -
28%
F1 GTR
28%
1955 Ivor Bueb | Mike Hawthorn - -
28%
1980 Jean-Pierre Jaussaud | Jean Rondeau - -
28%
Mirage
28%
Speed 8
28%
1992 Mark Blundell | Yannick Dalmas | Derek Warwick - -
27%
Rondeau
27%
Talbot-Lago
27%
905 Evo 1 Bis
26%
956
26%
1971 Helmut Marko | Gijs van Lannep - -
26%
1989 Stanley Dickens | Jochen Mass | Manuel Reuter - -
26%
C9/88
25%
GT40 Mk.I
25%
1983 Hurley Haywood | Al Holbert | Vern Schuppan - -
25%
2011 | 2012 | 2014 Marcel Fassler | Andre Lotterer | Benoit Treluyer - -
24%
1985 Paolo Barilla | Klaus Ludwig | "John Winter" - -
24%
R10 TDI
24%
1967 Anthony Foyt | Dan Gurney - -
23%
1993 Christophe Bouchut | Geoff Brabham | Eric Helary - -
23%
1979 Klaus Ludwig | Bill Whittington | Don Whittington - -
23%
1960 Paul Frere | Olivier Gendebien - -
23%
936/76 Spyder
22%
936/77 Spyder
22%
936-81
22%
1991 Bertrand Gachot | Jonny Herbert | Volker Weidler - -
22%
Dauer
22%
GT40 Mk.II
22%
GT40 Mk.IV
22%
1963 Lorenzo Bandini | Ludovico Scarfiotti - -
21%
V12 LMR
21%
935 K3
20%
962C
20%
1978 Jean-Pierre Jaussaud | Didier Pironi - -
20%
1965 Masten Gregory | Ed Hugus | Jochen Rindt - -
19%
D-Type
18%
XJR-12 LM
18%
Delahaye
17%
Chenard-Walcker
16%
Lagonda
16%
Lorraine-Dietrich
16%
250 LM
15%
1970 Richard Attwood | Hans Hermann - -
15%
1933 Tazio Nuvolari | Raymond Sommer - -
15%
956B
14%
DBR1
14%
1949 Luigi Chinetti | Peter Mitchell-Thomson - -
14%
1932 Luigi Chinetti | Raymond Sommer - -
14%
C-Type
13%
1954 Jose Foilan Gonzalez | Maurice Trintignant - -
13%
1934 Luigi Chinetti | Philippe Etancelin - -
13%
MS670
13%
A442B
12%
2024 Antonio Fuoco | Miguel Molina | Nicklas Nielsen
12%
1953 Duncan Hamilton | Tony Rolt - -
12%
1957 Ivor Bueb | Ron Flockhart - -
12%
1988 Jonny Dumfries | Jan Lammers | Andy Wallace - -
12%
XJR-9 LM
12%
917KH Coupe
11%
1924 Frank Clement | John Duff - -
11%
GR8
11%
1968 Lucien Bianchi | Pedro Rodriquez - -
11%
MS670B
11%
MS670C
11%
1939 Pierre Veyron | Jean-Pierre Wimille - -
11%
1956 Ron Flockhart | Ninian Sanderson - -
11%
Speed Six
11%
250 P
10%
3 Litre Speed
10%
3 Litre Sport
10%
8C 2300
10%
8C 2300 LM
10%
8C 2300 MM
10%
1923 Andre Lagache | Rene Leonard - -
10%
M379B
10%
1951 Peter Walker | Peter Whitehead - -
10%
1937 Robert Benoist | Jean-Pierre Wimille - -
10%
1950 Jean-Louis Rosier | Louis Rosier - -
9%
250 TRI/61
8%
1931 Henry Birkin | Earl Howe - -
8%
1964 Jean Guichet | Nini Vaccarella - -
8%
1929 Woolf Barnato | Henry Birkin - -
8%
WSC-95
8%
166 MM
7%
275 P
7%
Grand Sport T26
7%
1928 Woold Barnato | Bernard Rubin - -
7%
1930 Woolf Barnato | Glen Kidston - -
7%
XK-120C
7%
1925 Gerard de Courcelles | Andre Rossignol - -
6%
1952 Hermann Lang | Fritz Riess - -
6%
Type 57G Tank
6%
Type 57S Tank
6%
1927 Dudley Benjafeld | Sammy Davis - -
5%
250 TR59-60
4%
375 Plus
4%
4½ Litre
4%
1938 Eugene Chaboud | Jean Tremoulet - -
4%
1935 Luis Fontes | Jonny Hindmarsh - -
4%
M45R Rapide
4%
1926 Robert Bloch | Andre Rossingol - -
4%
W194
4%
250 TR58
3%
B3-6 Le Mans
3%
B3-6 Sport
3%
Type U3 15CV Sport
3%
330 TRI-LM Spyder
2%
135CS
1%
No matching quizzes found
Score Distribution
Percent of People with Each Score
Percentile by Number Answered
Your Score History
You have not taken this quiz since the last reset